000 00385nam a22001337a 4500
020 _a0201532891
082 _a658.5
_bHEY
100 _aHeyl, JEff L.
_9110220
245 _aCases in Operations Management /
_cJeff E. Heyl
260 _aUSA,
_bAddison Wesley,
_c1994.
300 _ax, 207p.
_bPaperback,
_c23cm.
700 _aJohn L. Bushnell & Linda A. Stone
_9110221
942 _2ddc
_cBK
999 _c593672
_d593672